| 000 | 00000nam##2200000za#4500 |
| 001 | 9.605041 |
| 003 | CaOODSP |
| 005 | 20210624211919 |
| 007 | cr ||||||||||| |
| 008 | 150406|2007||||xxc|||||o f|0| 0 fre|d |
| 040 | |aCaOODSP|bfre |
| 043 | |an-cn--- |
| 086 | 1 |aTU3-5/07-44F-PDF |
| 110 | 2 |aBureau de la sécurité des transports du Canada. |
| 245 | 10|aPerte de puissance des deux moteurs de l'Aero Commander 500B C-GETK exploité par Hicks & Lawrence Limited à 20 nm au sud-ouest d'Armstrong (Ontario), le 30 novembre 2007 |h[ressource électronique] |
| 260 | |aGatineau - Québec : |bBureau de la sécurité des transports du Canada |c[2007]. |
| 300 | |a8p.|bill. en couleur, références |
| 490 | 1 |aRapport d'enquête aéronautique |vA07C0225 |
| 590 | |a13-02-Supp|b2013-01-11 |
| 775 | 08|tDouble engine power loss - Hicks & Lawrence Limited Aero Commander 500B C-GETK, Armstrong, Ontario, 20 nm SW, 30 November 2007 |w(CaOODSP)9.575521 |
| 830 | #0|aRapport d'enquête aéronautique ;|vA07C0225|w(CaOODSP)9.501229 |
| 856 | 40|ahttp://publications.gc.ca|qPDF|s240 Ko|uhttps://publications.gc.ca/collections/collection_2012/bst-tsb/TU3-5-07-44-fra.pdf|yA07C0225 |